[Event "SVK-chT1W 1617"]
[Site "Slovakia"]
[Date "2016.12.11"]
[Round "6.8"]
[White "Sandor, Martin"]
[Black "Briestenska, Andrea"]
[Result "0-1"]
[WhiteElo "1888"]
[BlackElo "1995"]
[PlyCount "86"]
[EventDate "2016.10.15"]
[EventType "team-tourn"]
[EventRounds "11"]
[EventCountry "SVK"]
[SourceTitle "EXT 2018"]
[Source "ChessBase"]
[SourceDate "2017.10.13"]
[SourceVersion "1"]
[SourceVersionDate "2017.10.13"]
[SourceQuality "1"]
[WhiteTeam "Bratislava KSN"]
[BlackTeam "Bratislava Slovan II"]
[WhiteTeamCountry "SVK"]
[BlackTeamCountry "SVK"]

1. e4 d6 2. d4 Nf6 3. Nc3 c6 4. Bd3 e5 5. dxe5 dxe5 6. Nf3 Qc7 7. a3 a5 8. Bg5 Be7 9. h3 0-0 10. Qe2 Na6 11. 0-0 Nc5 12. a4 b6 13. Bc4 Be6 14. Bxe6 Nxe6 15. Be3 Nh5 16. Qc4 Bc5 17. Bxc5 Nxc5 18. Rfd1 Rad8 19. Kh2 Nf4 20. g3 Nfe6 21. b3 g6 22. Kg2 Kg7 23. Rxd8 Rxd8 24. Rd1 Rxd1 25. Nxd1 Qd6 26. Nc3 h6 27. Ne2 Ng5 28. Nxg5 hxg5 29. g4 Qd2 30. Kf3 Qd1 31. Kg2 Qd2 32. Kf3 Ne6 33. c3 Qd1 34. Kg2 Nc5 35. Nc1 Qxc1 36. b4 axb4 37. Qxb4 Nxa4 38. Qxa4 Qxc3 39. Qa7 b5 40. Qb8 b4 41. f3 b3 42. Kf2 Qc5+ 43. Kg2 Qb5 0-1

[Event "SVK-chT2A 1516"]
[Site "Slovakia"]
[Date "2016.03.12"]
[Round "10.7"]
[White "Hulla, Stanislav"]
[Black "Briestenska, Andrea"]
[Result "1/2-1/2"]
[WhiteElo "1921"]
[BlackElo "1979"]
[PlyCount "83"]
[EventDate "2015.10.17"]
[EventType "team-tourn"]
[EventRounds "11"]
[EventCountry "SVK"]
[SourceTitle "EXT 2017"]
[Source "ChessBase"]
[SourceDate "2016.10.25"]
[SourceVersion "1"]
[SourceVersionDate "2016.10.25"]
[SourceQuality "1"]
[WhiteTeam "Pezinok"]
[BlackTeam "Bratislava Slovan IV"]
[WhiteTeamCountry "SVK"]
[BlackTeamCountry "SVK"]

1. d4 Nf6 2. Nf3 d6 3. Bf4 c6 4. c3 Qc7 5. Nbd2 Nbd7 6. e3 e5 7. dxe5 dxe5 8. Bg3 Nh5 9. Bh4 g6 10. h3 Bg7 11. Nc4 Nhf6 12. Nd6+ Ke7 13. Nxc8+ Raxc8 14. Qc2 Rhe8 15. Be2 Kf8 16. 0-0 Rcd8 17. Rfd1 Nc5 18. Rxd8 Rxd8 19. Rd1 Rxd1+ 20. Qxd1 b5 21. Bg3 Nfe4 22. Bh2 f6 23. Nd2 Qd7 24. Nxe4 Qxd1+ 25. Bxd1 Nxe4 26. Bf3 f5 27. Bxe4 fxe4 28. Kf1 Ke7 29. Ke2 Kd6 30. Kd2 Kd5 31. b3 c5 32. Bg3 Bf6 33. Kc2 a5 34. Kd2 c4 35. Kc2 Kc5 36. a4 b4 37. Kb2 g5 38. Kc2 h5 39. Kb2 bxc3+ 40. Kxc3 cxb3 41. Kxb3 Kd5 42. f3 1/2-1/2

[Event "SVK-chT1W 1516"]
[Site "Slovakia"]
[Date "2016.02.21"]
[Round "9.4"]
[White "Briestenska, Andrea"]
[Black "Puskar, Peter"]
[Result "0-1"]
[WhiteElo "1978"]
[BlackElo "2084"]
[PlyCount "74"]
[EventDate "2015.10.24"]
[EventType "team-tourn"]
[EventRounds "11"]
[EventCountry "SVK"]
[SourceTitle "EXT 2017"]
[Source "ChessBase"]
[SourceDate "2016.10.25"]
[SourceVersion "1"]
[SourceVersionDate "2016.10.25"]
[SourceQuality "1"]
[WhiteTeam "Nitra Trogar"]
[BlackTeam "Trnava Lokomotiva"]
[WhiteTeamCountry "SVK"]
[BlackTeamCountry "SVK"]

1. f4 d5 2. Nf3 g6 3. e3 Bg7 4. d4 Nf6 5. c4 e6 6. Nc3 0-0 7. c5 b6 8. b4 a5 9. Ba3 axb4 10. Bxb4 Nc6 11. Qb3 Ba6 12. cxb6 Nxb4 13. Qxb4 Bxf1 14. Rxf1 cxb6 15. Ne5 Nd7 16. Nxd7 Qxd7 17. Kf2 Rfc8 18. Rab1 Bf8 19. Qb2 Rc4 20. a3 Qe7 21. Ne2 Ra6 22. Qb5 Rca4 23. Rb3 Qa7 24. Rfb1 Kg7 25. Kf3 Rxa3 26. Qc6 Rxb3 27. Rxb3 Be7 28. Nc3 Bd8 29. Nb5 Qe7 30. g3 Ra2 31. h3 g5 32. Nd6 h5 33. Nc8 Qf6 34. Nd6 g4+ 35. hxg4 hxg4+ 36. Kxg4 Qg6+ 37. Kf3 Qh5+ 0-1

[Event "SVK-chT2A 1516"]
[Site "Slovakia"]
[Date "2015.11.08"]
[Round "4.7"]
[White "Hrubsa, Marian"]
[Black "Briestenska, Andrea"]
[Result "0-1"]
[WhiteElo "1805"]
[BlackElo "1979"]
[PlyCount "82"]
[EventDate "2015.10.17"]
[EventType "team-tourn"]
[EventRounds "11"]
[EventCountry "SVK"]
[SourceTitle "CBM 169 Extra"]
[Source "ChessBase"]
[SourceDate "2015.12.18"]
[SourceVersion "1"]
[SourceVersionDate "2015.12.18"]
[SourceQuality "1"]
[WhiteTeam "Skalica"]
[BlackTeam "Bratislava Slovan IV"]
[WhiteTeamCountry "SVK"]
[BlackTeamCountry "SVK"]

1. e4 d6 2. d4 Nf6 3. Nc3 c6 4. f4 Qa5 5. Bd3 e5 6. Nf3 Nbd7 7. 0-0 Be7 8. Bd2 Qc7 9. Qe2 0-0 10. a4 a5 11. Bc4 h6 12. Qf2 exd4 13. Nxd4 Nc5 14. Rae1 Qb6 15. h3 Nh7 16. Kh1 Qd8 17. Kh2 Bd7 18. g3 Qc8 19. Qg2 Re8 20. g4 Bh4 21. Re2 Bf6 22. Nf5 Bxf5 23. gxf5 Qc7 24. Rg1 Kh8 25. Be3 b6 26. Bf2 Rg8 27. Qf3 Rae8 28. Qh5 Re7 29. Qf3 Rge8 30. Rge1 Bxc3 31. bxc3 Nxa4 32. Bd4 f6 33. Rg1 b5 34. Ba2 c5 35. Bf2 c4 36. Bd4 Nc5 37. Bxc5 dxc5 38. Reg2 Ng5 39. Qh5 Qxf4+ 40. Kh1 Rxe4 41. Qg6 Re1 0-1

[Event "SVK-chT2A 1516"]
[Site "Slovakia"]
[Date "2015.11.07"]
[Round "3.8"]
[White "Gajarsky, Julius"]
[Black "Briestenska, Andrea"]
[Result "0-1"]
[WhiteElo "1805"]
[BlackElo "1979"]
[PlyCount "106"]
[EventDate "2015.10.17"]
[EventType "team-tourn"]
[EventRounds "11"]
[EventCountry "SVK"]
[SourceTitle "CBM 169 Extra"]
[Source "ChessBase"]
[SourceDate "2015.12.18"]
[SourceVersion "1"]
[SourceVersionDate "2015.12.18"]
[SourceQuality "1"]
[WhiteTeam "Trnava Modranka"]
[BlackTeam "Bratislava Slovan IV"]
[WhiteTeamCountry "SVK"]
[BlackTeamCountry "SVK"]

1. d4 Nf6 2. c4 d6 3. Nc3 c6 4. Nf3 Qc7 5. Bf4 Nbd7 6. h3 e5 7. dxe5 dxe5 8. Bh2 Bb4 9. Qc2 Qa5 10. Nd2 Bxc3 11. bxc3 Qc5 12. e3 0-0 13. Bd3 Re8 14. 0-0 Qe7 15. f3 Nc5 16. Be2 e4 17. f4 b6 18. Bg3 Ba6 19. Kh2 Rad8 20. Rad1 Rd7 21. Bh4 Bc8 22. Kh1 Rd6 23. Rg1 Rdd8 24. g4 Kh8 25. Bf1 Nd3 26. Bg2 Nc5 27. Rdf1 h5 28. g5 Ng8 29. Rd1 g6 30. Kh2 Bf5 31. Bf1 Rd7 32. Be2 Qe6 33. Bf1 Red8 34. Be1 Rd6 35. Bg2 Nd3 36. Bg3 Ne7 37. Nb3 c5 38. a4 Qxc4 39. Nd2 Qe6 40. Nb3 Nd5 41. Bf2 Kg8 42. c4 N5b4 43. Qe2 Qxc4 44. Nc1 Qa6 45. Bf1 Qxa4 46. Nxd3 Nxd3 47. Rd2 c4 48. Ra2 Qd7 49. Be1 Nxe1 50. Qxe1 Rd2+ 51. Rg2 c3 52. Raxd2 cxd2 53. Qd1 Bxh3 0-1

[Event "SVK-chT2B 1415"]
[Site "Slovakia"]
[Date "2015.03.07"]
[Round "10.7"]
[White "Svonavec, Stefan"]
[Black "Briestenska, Andrea"]
[Result "1/2-1/2"]
[WhiteElo "2022"]
[BlackElo "1961"]
[PlyCount "83"]
[EventDate "2014.10.11"]
[EventType "team-tourn"]
[EventRounds "11"]
[EventCountry "SVK"]
[SourceTitle "EXT 2019"]
[Source "ChessBase"]
[SourceDate "2018.10.10"]
[SourceVersion "1"]
[SourceVersionDate "2018.10.10"]
[SourceQuality "1"]
[WhiteTeam "Levice"]
[BlackTeam "Nitra ASK"]
[WhiteTeamCountry "SVK"]
[BlackTeamCountry "SVK"]

1. d4 Nf6 2. Nf3 d6 3. c4 g6 4. Nc3 Nbd7 5. e4 e5 6. d5 Bg7 7. Qc2 0-0 8. h3 a5 9. Bg5 h6 10. Be3 b6 11. g4 Nc5 12. g5 hxg5 13. Bxg5 Qe8 14. Nd2 Nh7 15. Be3 f5 16. f3 f4 17. Bf2 Nf6 18. 0-0-0 Kf7 19. Nb5 Na6 20. h4 Rh8 21. Bh3 Bxh3 22. Rxh3 Qd7 23. Rdh1 Nb4 24. Qb3 Rh6 25. a3 Na6 26. Qd1 Nc5 27. Kc2 Nh5 28. Qg1 Nf6 29. R3h2 c6 30. dxc6 Qxc6 31. Qg2 a4 32. Rd1 Rhh8 33. Nb1 Nb7 34. N1c3 Qxc4 35. Rhh1 Rac8 36. Kb1 Rc6 37. Rhg1 Rh6 38. Rd2 Bf8 39. Qg5 Qb3 40. Rgd1 Rh5 41. Qg1 Na5 42. Rc1 1/2-1/2

[Event "SVK-chT2B 1415"]
[Site "Slovakia"]
[Date "2015.02.14"]
[Round "8.6"]
[White "Urban, Gabor"]
[Black "Briestenska, Andrea"]
[Result "0-1"]
[WhiteElo "1943"]
[BlackElo "1961"]
[PlyCount "64"]
[EventDate "2014.10.11"]
[EventType "team-tourn"]
[EventRounds "11"]
[EventCountry "SVK"]
[SourceTitle "EXT 2019"]
[Source "ChessBase"]
[SourceDate "2018.10.10"]
[SourceVersion "1"]
[SourceVersionDate "2018.10.10"]
[SourceQuality "1"]
[WhiteTeam "Batorove Kosihy"]
[BlackTeam "Nitra ASK"]
[WhiteTeamCountry "SVK"]
[BlackTeamCountry "SVK"]

1. c4 d6 2. Nc3 Nf6 3. d4 c6 4. e4 Qa5 5. f3 e5 6. Be3 Be7 7. a3 exd4 8. b4 Qe5 9. Qxd4 Nh5 10. Qxe5 dxe5 11. Nge2 Be6 12. g4 Nf6 13. Ng3 g6 14. Be2 Na6 15. Kf2 Nd7 16. c5 Nc7 17. Na4 Nb5 18. Bxb5 cxb5 19. Nc3 a6 20. Nd5 Rc8 21. Rhd1 Rc6 22. a4 bxa4 23. Rxa4 Nf6 24. b5 axb5 25. Ra8+ Bd8 26. Bg5 Nxg4+ 27. fxg4 Bxg4 28. Rb1 Rxc5 29. Rxb5 Rc2+ 30. Ne2 0-0 31. h3 f5 32. Ne3 fxe4+ 0-1

[Event "SVK-chT2B 1415"]
[Site "Slovakia"]
[Date "2015.02.01"]
[Round "7.7"]
[White "Laho, Lukas"]
[Black "Briestenska, Andrea"]
[Result "1-0"]
[WhiteElo "1914"]
[BlackElo "1961"]
[PlyCount "97"]
[EventDate "2014.10.11"]
[EventType "team-tourn"]
[EventRounds "11"]
[EventCountry "SVK"]
[SourceTitle "EXT 2019"]
[Source "ChessBase"]
[SourceDate "2018.10.10"]
[SourceVersion "1"]
[SourceVersionDate "2018.10.10"]
[SourceQuality "1"]
[WhiteTeam "Surany Lokomotiva"]
[BlackTeam "Nitra ASK"]
[WhiteTeamCountry "SVK"]
[BlackTeamCountry "SVK"]

1. d4 Nf6 2. Nf3 d6 3. c4 c6 4. Nc3 Qc7 5. e4 e5 6. d5 Be7 7. Be2 0-0 8. 0-0 Ne8 9. Bd2 a5 10. a3 Na6 11. b4 f5 12. Qb3 Kh8 13. Rfd1 Nf6 14. exf5 Bxf5 15. Nh4 Bd7 16. Nf3 Ng4 17. Bd3 axb4 18. axb4 Qb6 19. Ne4 Bf5 20. Be1 Bxe4 21. Bxe4 Nc5 22. Qc2 Nxe4 23. Qxe4 Rxa1 24. Rxa1 Nf6 25. Qc2 cxd5 26. cxd5 Nxd5 27. Qc4 Nf4 28. Bd2 d5 29. Qb3 Ne2+ 30. Kf1 Qb5 31. Ke1 e4 32. Ra5 Qc6 33. Kxe2 exf3+ 34. gxf3 d4 35. Qd5 Qb6 36. Rb5 Qc6 37. Qxc6 bxc6 38. Rb7 Bd6 39. h3 h6 40. Rb6 Rc8 41. b5 d3+ 42. Kxd3 Rd8 43. Ke2 cxb5 44. Rxb5 Re8+ 45. Kf1 Be5 46. Rd5 Kh7 47. Kg2 Kg6 48. Be3 Re6 49. f4 1-0

[Event "SVK-chT2B 1415"]
[Site "Slovakia"]
[Date "2014.12.07"]
[Round "6.6"]
[White "Briestenska, Andrea"]
[Black "Varga, Alexander"]
[Result "1-0"]
[WhiteElo "1961"]
[BlackElo "1783"]
[PlyCount "49"]
[EventDate "2014.10.11"]
[EventType "team-tourn"]
[EventRounds "11"]
[EventCountry "SVK"]
[SourceTitle "EXT 2019"]
[Source "ChessBase"]
[SourceDate "2018.10.10"]
[SourceVersion "1"]
[SourceVersionDate "2018.10.10"]
[SourceQuality "1"]
[WhiteTeam "Nitra ASK"]
[BlackTeam "Sala Slovan Duslo"]
[WhiteTeamCountry "SVK"]
[BlackTeamCountry "SVK"]

1. f4 e5 2. fxe5 Nc6 3. Nf3 g6 4. d4 Bh6 5. Bxh6 Nxh6 6. Qd2 Nf5 7. e4 Ng7 8. d5 Nb8 9. Qh6 Kf8 10. Bc4 Kg8 11. 0-0 b5 12. Bb3 d6 13. Ng5 Bf5 14. e6 f6 15. Nf7 Qe7 16. exf5 Nxf5 17. Qf4 Kg7 18. Nxh8 Nh6 19. Nf7 Nxf7 20. exf7 Qxf7 21. Nc3 Nd7 22. Nxb5 Ne5 23. Nd4 f5 24. Nxf5+ gxf5 25. Qxf5 1-0

[Event "SVK-chT1W 1415"]
[Site "Slovakia"]
[Date "2014.10.19"]
[Round "2.5"]
[White "Briestenska, Andrea"]
[Black "Travenec, Igor"]
[Result "1/2-1/2"]
[WhiteElo "1961"]
[BlackElo "2221"]
[PlyCount "44"]
[EventDate "2014.10.18"]
[EventType "team-tourn"]
[EventRounds "11"]
[EventCountry "SVK"]
[SourceTitle "EXT 2016"]
[Source "ChessBase"]
[SourceDate "2015.10.08"]
[SourceVersion "1"]
[SourceVersionDate "2015.10.08"]
[SourceQuality "1"]
[WhiteTeam "Topolciansky CVC"]
[BlackTeam "Bratislava Slovan III"]
[WhiteTeamCountry "SVK"]
[BlackTeamCountry "SVK"]

1. f4 d5 2. Nf3 Nf6 3. e3 c5 4. Bb5+ Bd7 5. Qe2 a6 6. Bxd7+ Nbxd7 7. b3 g6 8. Bb2 Bg7 9. d3 0-0 10. 0-0 Qc7 11. Nbd2 e6 12. Ne5 b5 13. c4 Qb7 14. Rab1 Rac8 15. e4 dxe4 16. dxe4 Rfd8 17. Nxd7 Qxd7 18. Rf2 Qd3 19. e5 Ne8 20. Rc1 Bf8 21. Qe4 Rd7 22. Re2 Rcd8 1/2-1/2

[Event "SVK-ch U20 Girls"]
[Site "Martin"]
[Date "2013.04.24"]
[Round "6"]
[White "Zakovicova, Silvia"]
[Black "Briestenska, Andrea"]
[Result "0-1"]
[WhiteElo "1654"]
[BlackElo "1945"]
[PlyCount "66"]
[EventDate "2013.04.19"]
[EventType "tourn"]
[EventRounds "7"]
[EventCountry "SVK"]
[SourceTitle "CBM 154 Extra"]
[Source "ChessBase"]
[SourceDate "2013.06.25"]
[SourceVersion "2"]
[SourceVersionDate "2013.06.25"]
[SourceQuality "1"]

1. e4 d6 2. d4 Nf6 3. Nc3 c6 4. f4 Qa5 5. Bd3 e5 6. Nf3 Nbd7 7. Qe2 Be7 8. Bd2 Qc7 9. g4 0-0 10. g5 Ne8 11. f5 exd4 12. Nxd4 Ne5 13. h4 b5 14. f6 gxf6 15. gxf6 Bxf6 16. Qg2+ Kh8 17. Rg1 Nxd3+ 18. cxd3 Bxd4 19. 0-0-0 Ng7 20. h5 Bd7 21. h6 Ne6 22. Ne2 Be5 23. d4 Bf6 24. Qf3 Qd8 25. d5 cxd5 26. exd5 Rc8+ 27. Kb1 Nd4 28. Nxd4 Bxd4 29. Qg3 Bf5+ 30. Ka1 Bg6 31. Ba5 Bxb2+ 32. Kxb2 Qxa5 33. Qe3 Rc2+ 0-1

[Event "Tatry op"]
[Site "Tatranske Zruby"]
[Date "2011.09.29"]
[Round "6"]
[White "Briestenska, Andrea"]
[Black "Kulago, Alexander"]
[Result "1-0"]
[WhiteElo "1918"]
[BlackElo "2112"]
[PlyCount "89"]
[EventDate "2011.09.25"]
[EventType "swiss"]
[EventRounds "9"]
[EventCountry "SVK"]
[SourceTitle "CBM 144 Extra"]
[Source "ChessBase"]
[SourceDate "2011.10.28"]
[SourceVersion "1"]
[SourceVersionDate "2011.10.28"]
[SourceQuality "1"]

1. f4 d5 2. Nf3 g6 3. e3 Bg7 4. d4 Nf6 5. Bd3 0-0 6. Nbd2 b6 7. Ne5 Bb7 8. Qf3 Nbd7 9. 0-0 e6 10. c3 c5 11. Kh1 Qc8 12. h3 Ba6 13. Qe2 Bxd3 14. Qxd3 Qb7 15. b4 c4 16. Qe2 b5 17. Nxd7 Qxd7 18. e4 dxe4 19. Nxe4 Nxe4 20. Qxe4 a5 21. Ba3 a4 22. Rae1 Rad8 23. g4 Rfe8 24. Re3 Qd5 25. Qxd5 exd5 26. Rfe1 Kf8 27. Kg2 Rxe3 28. Rxe3 Bf6 29. Bc1 Re8 30. Kg3 Rd8 31. Bd2 Be7 32. g5 Bd6 33. Kg4 Kg7 34. f5 h5+ 35. gxh6+ Kf6 36. Rf3 gxf5+ 37. Rxf5+ Ke6 38. Bg5 Rh8 39. Rf6+ Ke7 40. h7 Bc7 41. Rg6+ Kf8 42. Rh6 Kg7 43. Rc6 Rc8 44. Bf4 f5+ 45. Kf3 1-0

[Event "SVK-ch U20 Girls"]
[Site "Trencin"]
[Date "2009.07.03"]
[Round "8"]
[White "Briestenska, Andrea"]
[Black "Edes, Zsofia"]
[Result "0-1"]
[WhiteElo "1821"]
[BlackElo "1882"]
[PlyCount "58"]
[EventDate "2009.06.28"]
[EventType "tourn"]
[EventRounds "9"]
[EventCountry "SVK"]
[SourceTitle "CBM 131 Extra"]
[Source "ChessBase"]
[SourceDate "2009.09.03"]
[SourceVersion "2"]
[SourceVersionDate "2009.09.16"]
[SourceQuality "1"]

1. f4 d5 2. Nf3 Nf6 3. e3 Bg4 4. b3 Nbd7 5. Bb2 e6 6. Be2 Bxf3 7. Bxf3 Bd6 8. d4 0-0 9. Nd2 c5 10. c3 Qb6 11. 0-0 Rac8 12. Kh1 Rc7 13. Be2 Rfc8 14. Bd3 c4 15. Bc2 cxb3 16. axb3 Bb4 17. Bxh7+ Kxh7 18. cxb4 Qxb4 19. Nf3 Rc2 20. Qd3+ Ne4 21. Rab1 Kg8 22. Kg1 Nd2 23. f5 Nxf1 24. fxe6 fxe6 25. Kxf1 Nf6 26. Qg6 Qb5+ 27. Kg1 Qxb3 28. Ne5 Qxe3+ 29. Kh1 Rc1+ 0-1